00372nam a2200157Ia 45000010006000000050017000060080041000230410008000640820018000721000021000902450043001112600009001543000035001636500008001986540008002061579220260306170222.0260306t1997||||xx |||||||||||||| ||und|| aESP a620.104bC262 aCochin, IraeAUT 0aAnalysis and design of dynamic systems c1997 axviii, 666 páginas :c24 cm. aGEN aCII